| 000 | 00959cab a2200265 4500 | ||
|---|---|---|---|
| 001 | WB3209-30 | ||
| 008 | 090401t1996 xxu||||| |||| 00| 0 eng d | ||
| 035 | _a(Sirsi) u40277 | ||
| 041 | _aeng | ||
| 245 | _aDuty to house EU nationals | ||
| 260 | _c1996 | ||
| 350 | _a0 | ||
| 490 |
_aTimes _v27 February 1996, 39(1) |
||
| 520 | _a"R v Westminster CC ex parte Castelli" and " R v Westminster ex parte Tristan-Garcia" CA 21 February 1996. EU nationals who entered the UK lawfully were entitled to temporary accommodation provided by a local authority if that LA had reason to believe they were homeless. | ||
| 650 | _aEUROPEAN UNION | ||
| 650 | _aHOMELESS PEOPLE | ||
| 650 | _aHOUSING ACT 1985 S62 | ||
| 650 | _aHOUSING ACT 1985 S63 | ||
| 650 | _aIMMIGRATION | ||
| 650 | _aR V WESTMINSTER LBC EX P CASTELLI AND ANOTHER | ||
| 650 | _aR V WESTMINSTER LBC EX P TRISTAN-GARCIA | ||
| 690 | _aHOUSING-CASE LAW | ||
| 942 | _n0 | ||
| 948 | _c04/03/1997 | ||
| 999 |
_c25804 _d25804 |
||